| 000 | 00577nam a2200169 a 4500 | ||
|---|---|---|---|
| 008 | 120416s0000 ||||||||||||||||| || u | ||
| 020 | _a020102117X | ||
| 050 | _aQC 23 Fey | ||
| 100 | _aSands, Matthew L | ||
| 245 | 1 | 4 | _aThe Feynman lectures on physics |
| 246 | _amainly electromagnetism and matter | ||
| 260 |
_aReading, Mass. _bAddison-Wesley _c1964 |
||
| 300 | _aVol. : ill | ||
| 350 | _a0.00 | ||
| 700 | _aFeynman, Richard P | ||
| 995 |
_D0.00 _FCBU-MAIN LIBRARY (Kitwe) _H1 _I4.50 _UDAMAGED _ZMain Library Open Access Collection |
||
| 999 |
_c43226 _d43226 |
||